Phương pháp dạy học môn toán : Giáo trình dành cho các trường Cao đẳng Sư phạm
Tài liệu gồm có 7 chương gồm các nội dung: Cơ sở lý luận của dạy và học môn toán, mục đích, nguyên tắc, nội dung, phương pháp, các tình huống điển hình, các hình thức tổ chức việc dạy và học môn toán ở trường trung học cơ sở....
保存先:
| 第一著者: | |
|---|---|
| フォーマット: | 図書 |
| 言語: | Undetermined |
| 出版事項: |
Hà Nội
Giáo Dục
1998
|
| 主題: | |
| タグ: |
タグ追加
タグなし, このレコードへの初めてのタグを付けませんか!
|
| Thư viện lưu trữ: | Trung tâm Học liệu Trường Đại học Cần Thơ |
|---|
| LEADER | 01080nam a2200229Ia 4500 | ||
|---|---|---|---|
| 001 | CTU_29640 | ||
| 008 | 210402s9999 xx 000 0 und d | ||
| 020 | |c 8000 | ||
| 082 | |a 510.0712 | ||
| 082 | |b Đ552/T.1 | ||
| 100 | |a Phạm, Gia Đức | ||
| 245 | 0 | |a Phương pháp dạy học môn toán : | |
| 245 | 0 | |b Giáo trình dành cho các trường Cao đẳng Sư phạm | |
| 245 | 0 | |c Phạm Gia Đức...[et al.] | |
| 260 | |a Hà Nội | ||
| 260 | |b Giáo Dục | ||
| 260 | |c 1998 | ||
| 520 | |a Tài liệu gồm có 7 chương gồm các nội dung: Cơ sở lý luận của dạy và học môn toán, mục đích, nguyên tắc, nội dung, phương pháp, các tình huống điển hình, các hình thức tổ chức việc dạy và học môn toán ở trường trung học cơ sở. | ||
| 650 | |a Mathematics,Mathematics teachers | ||
| 650 | |x Study and teaching ( secondary ),Training | ||
| 904 | |i Bạch Trúc | ||
| 980 | |a Trung tâm Học liệu Trường Đại học Cần Thơ | ||